| 000 | 00398nam a2200145 a 4500 | ||
|---|---|---|---|
| 005 | 20140414093843.0 | ||
| 008 | 090422s19uu xx uuu eng d | ||
| 050 |
_aDVD 791.43 _bMID 2007 |
||
| 100 | _aShakespeare, William | ||
| 245 |
_aA Midsummer night's dream / _cWilliam Shakespeare. |
||
| 440 | _aThe Shakespeare Collection | ||
| 650 | _aMotion pictures. | ||
| 942 | _cAVM | ||
| 999 |
_c109432 _d109432 |
||